000 00291 a2200133 4500
003 Nust
005 20170207154023.0
035 _a512.13
040 _cNust
245 _aExpressions(EBOOK)
_cUsing Maya: Hypergraph, Sets & Expressions
300 _a274p
650 _aExpressions
651 _aEBOOK
942 _2ddc
_cBK
999 _c191754
_d191754